000 00526nam a2200181Ia 4500
001 23963
005 20260414151012.0
008 260414t2023||||xx |||||||||||||| ||spa||
041 _aESP
082 _a726.598562
_bM26
100 _aMaranguello, Carla,
_eAUT
245 0 _aNaturaleza, cultura andina y concepciones doctrinales jesuĂ­ticas. La Iglesia del Lago Titicaca en Chucuito Tardo Colonial
_b
260 _c2023
300 _a365 páginas :
_c23 cm.
650 _aABD
654 _aCAU
942 _cLIB
_dJUS
_fJUS
_2ddc
_n
999 _c23963
_d23963